00393nam a2200157Ia 45000010006000000050017000060080041000230410008000640820019000721000024000912450067001152600009001823000028001916500008002196540008002271307320260306163027.0260306t2016||||xx |||||||||||||| ||spa|| aESP aRD 792.03bP31 aPavis, PatriceeAUT 0aDiccionario del teatro:bdramaturgia, estética, semiología c2016 a558 páginas :c24 cm. aGEN aCHU